[Event "EICC 2017"]
[Site "Minsk"]
[Date "2017.06.09"]
[Round "10"]
[White "Pavlov, Sergey"]
[Black "Harutyunian, Tigran K"]
[Result "1/2-1/2"]
[WhiteElo "2432"]
[BlackElo "2523"]
[Annotator "TA"]
[PlyCount "156"]
[EventDate "2017.??.??"]
[EventCountry "BLR"]
[SourceTitle "playchess.com"]
[Source "ChessBase"]
[SourceQuality "1"]

{[%evp 30,156,2,0,0,0,5,0,0,0,0,0,0,0,54,64,122,6,6,6,11,6,12,8,12,7,11,0,13,12,11,12,24,39,176,181,288,49,70,71,62,62,187,178,179,179,151,156,196,124,119,32,218,218,216,213,203,198,348,348,348,348,348,348,348,348,348,348,348,341,341,341,341,341,341,341,341,341,341,333,333,333,333,326,333,333,333,333,333,326,319,319,319,319,319,319,319,319,319,319,319,319,319,319,319,319,319,154,152,40,40,26,26,26,40,40,40,40,40,20,20,20,20,20,20,20,20,20,20]} 1. c4 c6 2. e4 d5 3. exd5 cxd5 4. d4 Nf6 5. Nc3 e6 6. Nf3 Bb4 7. cxd5 Nxd5 8. Bd2 Nc6 9. Bd3 Be7 10. a3 O-O 11. O-O Nf6 12. Bg5 b6 13. Re1 Bb7 14. Bc2 Rc8 15. Qd3 g6 16. h4 {LiveBook: 5 Games. D42: Queen's Gambit Declined: Semi-Tarrasch: 5 cxd5 Nxd5 6 e3 Nc6 7 Bd3} Na5 $146 ({Predecessor (3):} 16... Rc7 17. Rad1 Nd5 18. Nxd5 exd5 19. Bh6 Re8 20. h5 Bd6 21. Bg5 Be7 22. Qe3 Rc8 23. Qf4 Bxg5 24. Nxg5 Rxe1+ 25. Rxe1 {1-0 (40) Polgar,J (2689)-Rasmussen,A (2486) Warsaw 2013}) 17. Ne5 Nd5 18. Qg3 Nc4 (18... f6 19. Nxg6 $1 {[%mdl 512]} fxg5 20. Nxf8 $16) 19. Be4 {aiming for Bxe7.} Bxg5 (19... Nxb2 $2 20. Bxe7 Rxc3 21. Bxd8 $18) 20. hxg5 Nxb2 21. Bxd5 exd5 ({Black should try} 21... Bxd5 $11 22. Nxd5 exd5) 22. Nb5 $1 $14 a6 (22... Nc4 $14) 23. Ng4 (23. Na7 $1 $16 {[%cal Ra7c8]} Rc7 24. Ng4) 23... Qxg5 $11 (23... axb5 $2 24. Qe5 $18) 24. Nd6 h5 $1 {[%cal Rh5g4]} 25. Nxc8 Rxc8 26. Ne5 $36 {[%mdl 2048] White has some pressure.} Qxg3 27. fxg3 Nc4 28. Rab1 b5 (28... Bc6 $5) 29. a4 Na3 30. Rbc1 Nc2 31. Rf1 bxa4 (31... Nxd4 $14 32. Rxc8+ Bxc8) 32. Rxf7 $18 Nxd4 (32... a3 $142) 33. Rd1 $2 ({White has to play} 33. Rcf1 $1 $18) 33... Nc6 34. Rxb7 Nxe5 35. Rxd5 $14 {[%mdl 4096] Endgame KRR-KRN} Nf7 ({Black should play} 35... Ng4 $14 36. Rb1 Kg7) 36. Ra7 $18 {[%mdl 1024] White has strong compensation.} Rc1+ 37. Kf2 $1 Rc2+ 38. Ke3 $1 {Strongly threatening Rdd7.} Rc3+ {[#]} 39. Kd4 (39. Kd2 $1 $18 {[%cal Rd2c3]} Rc6 40. Ra5) 39... Rc6 $16 40. Ra5 (40. Rc5 $16 Rb6 41. Rc3) 40... Rd6+ $2 (40... Rc2 $1 $14) 41. Ke3 $18 Re6+ 42. Kf2 Rf6+ 43. Kg1 Kg7 (43... Rb6 {keeps fighting.} 44. R5xa6 (44. R7xa6 Rb1+ 45. Kf2 Rb2+ 46. Kf1 Rb1+ 47. Ke2 Rb2+ 48. Ke1 Rb1+ 49. Kf2 Rb2+ 50. Ke1 Rb1+ 51. Kf2 $18) 44... Rxa6 45. Rxa6 Kg7 46. Rxa4 Ne5) 44. R5xa6 ({Don't play} 44. R7xa6 Rxa6 45. Rxa6 Ne5 $18) ({Don't take} 44. Rxa4 g5 $18) 44... Rf5 45. Rxa4 Kf6 46. Rf4 Ne5 47. Rxf5+ Kxf5 {KR-KN} 48. Kf2 Ng4+ 49. Ke2 Ne5 50. Ra5 Ke4 51. Rb5 Ng4 52. Rb4+ Kf5 53. Rf4+ Kg5 54. Kf3 Ne5+ 55. Ke4 Ng4 56. Rf8 Nf6+ 57. Kf3 Ng4 58. Ra8 Ne5+ 59. Ke4 Nf7 60. Ra6 Nh6 61. Kf3 Ng4 62. Ra5+ Kh6 63. Kf4 Nf2 64. Ra2 Ng4 65. Ke4 Kg5 66. Ra5+ Kh6 67. Rb5 Nf2+ 68. Ke5 (68. Kf4 $18 {and White stays clearly on top.}) 68... Kg5 $16 {[#]} 69. Ke6+ (69. Rb6 $1 $16) 69... Kg4 $14 70. Kf6 {[%csl Gf6][%cal Rb5g5]} Kxg3 71. Rg5+ Kh2 72. Rxg6 h4 73. Kf5 {Hoping for Kf4.} Nd3 74. Rd6 Nf2 {The position is equal.} 75. Rh6 Kxg2 76. Rxh4 Kf3 77. Ra4 Nd3 78. Ra3 Ke3 {Precision: White = 71%, Black = 54%.} 1/2-1/2

[Event "EICC 2017"]
[Site "Minsk"]
[Date "2017.06.09"]
[Round "10"]
[White "Grib, Roman"]
[Black "Gabrielian, Artur"]
[Result "1-0"]
[WhiteElo "2415"]
[BlackElo "2506"]
[Annotator "TA"]
[PlyCount "125"]
[EventDate "2017.??.??"]
[EventCountry "BLR"]
[SourceTitle "playchess.com"]
[Source "ChessBase"]
[SourceQuality "1"]

{[%evp 14,125,12,6,8,12,10,4,15,0,0,0,0,0,0,0,0,-11,0,0,0,0,0,0,10,17,13,17,14,0,0,0,0,0,20,-56,-46,-60,-54,-97,-103,-103,-93,-139,0,0,0,0,0,0,8,0,0,0,0,0,4,0,0,0,33,0,87,75,159,0,431,418,385,227,227,227,227,227,227,227,227,227,227,227,227,227,242,227,227,227,227,227,567,552,536,521,883,502,846,713,5318,4129,4137,2350,5550,5522,5177,5421,5106,4747,2408,2170,1734,1906,1620,1530,1477,1381]} 1. e4 c5 2. Nf3 d6 3. Bb5+ Nd7 4. d4 cxd4 5. Qxd4 a6 6. Bxd7+ Bxd7 7. O-O e5 8. Qd3 {LiveBook: 198 Games} Qc7 {B51: Sicilian: Moscow Variation (3 Bb5+) without 3...Bd7} (8... Rc8 9. c4 b5 10. b3 h6 11. Nc3 bxc4 12. bxc4 Nf6 13. Be3 Be7 14. Rab1 O-O 15. h3 Qc7 16. Nd2 {½-½ (43) Anand,V (2786)-Giri,A (2771) Stavanger 2017}) 9. Nc3 Be6 10. Rd1 Be7 $146 {The position is equal.} ({Predecessor:} 10... h6 11. Nd5 Bxd5 12. Qxd5 Nf6 13. Qd3 Rc8 14. c3 Qc4 15. Qxc4 Rxc4 16. Nd2 {0-1 (65) Chersich,M-Avdic,A Halle 1995}) 11. Bg5 Rd8 12. a4 h6 13. Be3 Nf6 14. a5 {next Bb6 is good for White.} Rc8 15. Nd2 O-O 16. Nf1 Qc4 17. f3 Qb4 18. Rdb1 d5 19. exd5 (19. Nxd5 Nxd5 20. exd5 Rfd8 $17) 19... Rfd8 {[%cal Rf6d5]} 20. Ra4 Rxc3 $1 21. Rxb4 Rxd3 22. Rxb7 R3xd5 23. Rxe7 Rc8 24. Bb6 (24. b4 $11) 24... Nd7 $1 $15 25. c4 Rd3 26. b4 {[#]} Kf8 $1 {[%cal Rf8e7]} ({Reject} 26... Bxc4 $6 27. Rc1 $11) (26... Rxc4 $6 27. Re8+ Kh7 28. Ra8 $11) 27. Rxd7 Bxd7 28. Ne3 {[#]} Be6 (28... f5 $1 $17 {aiming for ...f4.} 29. Re1 Be6) 29. b5 $11 axb5 30. cxb5 Ra3 31. a6 Kg8 32. a7 Ra2 33. h4 f5 34. Rd1 f4 35. Ng4 e4 36. Ne5 e3 {...Rcc2 is the strong threat.} (36... Kh7 $5 {[%cal Rc8c2]}) 37. Ng6 {And now Ne7+ would win.} (37. Nc6 $5 {[%cal Rc6e7]} Kf7 38. Bc5 $16) 37... Bb3 (37... Kf7 $11 38. h5 (38. Nxf4 e2 $11) 38... Rcc2 39. Nxf4 e2) 38. Rb1 Rc4 (38... Re8 $142 39. Nxf4 (39. Rxb3 e2 $15) 39... e2) 39. Rxb3 $2 ({White should play} 39. Nxf4 $16 Rxf4 40. Rxb3 Ra1+ 41. Kh2) 39... Ra1+ $2 {[%mdl 8192]} (39... Rc1+ $11 {and Black stays safe.} 40. Kh2 e2) 40. Kh2 $18 e2 41. Rb1 (41. Bf2 $142 Rxa7 42. b6) 41... Rca4 42. Rxa1 Rxa1 43. Bf2 Rxa7 44. Nxf4 Rb7 45. Nxe2 Rxb5 {Threatening ...Rb2.} 46. Nc3 Rb3 47. Ne4 h5 48. Ng5 g6 49. Kg3 Rb2 50. Ne4 Ra2 $2 (50... Rb5 {is a better chance.} 51. Bd4 Rf5) 51. Kf4 {White is clearly winning.} Ra5 52. Bc5 Ra2 53. g3 Kf7 (53... Ra5 $142 54. Ke5 Kf7 55. Ng5+ Kg8) 54. Kg5 Ra6 55. Kh6 Rc6 56. Kh7 Ra6 57. Bd4 Rc6 58. Ng5+ Kf8 59. f4 Ke8 60. Kg7 Ke7 61. Be5 Ra6 62. Ne4 Ra4 63. Nc3 {Precision: White = 69%, Black = 58%.} 1-0

[Event "EICC 2017"]
[Site "Minsk"]
[Date "2017.06.09"]
[Round "10"]
[White "Polivanov, Anatoliy"]
[Black "Dastan, Muhammed Batuhan"]
[Result "0-1"]
[WhiteElo "2401"]
[BlackElo "2519"]
[Annotator "TA"]
[PlyCount "96"]
[EventDate "2017.??.??"]
[EventCountry "BLR"]
[SourceTitle "playchess.com"]
[Source "ChessBase"]
[SourceQuality "1"]

{[%evp 12,96,-15,-18,-21,-38,0,0,0,0,0,-8,0,-10,-12,-5,0,-26,0,0,0,0,93,0,0,0,65,-136,-145,-131,-153,-112,-104,-329,-331,-325,-329,-376,-319,-323,-331,-322,-319,-339,-356,-433,-249,-246,-243,-246,-204,-189,-198,-388,-406,-424,-416,-444,-443,-433,-426,-377,-316,-528,-525,-529,-535,-553,-555,-569,-563,-552,-518,-638,-602,-559,-553,-1067,-1396,-1310,-1325,-1275,-1158,-2001,-1898,-5622,-964]} 1. d4 d5 2. c4 c6 3. Nf3 Nf6 4. Nc3 e6 5. Bg5 h6 6. Bh4 dxc4 7. e3 b5 {D43: Semi-Slav: 5 Bg5 h6} 8. a4 Qb6 9. Bxf6 gxf6 {The position is equal.} 10. axb5 cxb5 11. d5 e5 $146 ({Predecessor:} 11... Bb4 12. dxe6 fxe6 13. Nh4 Nd7 14. Qh5+ Kd8 15. Be2 {½-½ (60) Szabo,V (2445)-Bonehill,A (2381) LSS email 2008}) 12. Be2 Nd7 13. O-O Nc5 14. Nh4 f5 15. d6 {Strongly threatening Qd5.} Bg7 16. b4 Nb7 (16... Nb3 $1 $11 {remains equal.} 17. Nxb5 O-O) 17. Bh5 ({Much weaker is} 17. Qd5 $6 Bd7 $11) (17. Nd5 $1 $16 {[%cal Rd5b6]} Qxd6 18. Ra6 $1 {[%mdl 512]}) 17... Nxd6 {White must now prevent ...Be6.} 18. Qd5 Rb8 (18... Bb7 $11 19. Qe6+ Kf8 20. Bxf7 Nxf7 21. Ng6+ Kg8 22. Ne7+ Kf8 23. Ng6+ Kg8 24. Ne7+ Kf8 25. Ng6+) 19. Nxb5 $2 (19. Rfd1 $14 Bf6 20. g3 (20. Qxd6 Qxd6 21. Rxd6 Bxh4 $16)) 19... Qxb5 $17 20. Qxd6 Qb6 21. Qd5 O-O {aiming for ...c3.} 22. Ng6 $2 (22. Qxc4 $17 Be6 23. Qa6) 22... Be6 $19 23. Ne7+ Kh7 24. Qf3 Qb7 25. Qxb7 Rxb7 26. Nc6 Rb6 27. b5 Rxb5 28. Rxa7 Rc5 (28... c3 $142 29. Ra3 Rc5) 29. Nb4 e4 30. Nc2 {[#]} f4 $1 {[%cal Bf5f4,Bf4f3][%mdl 544]} 31. Bd1 {[#]} (31. exf4 Rxh5) 31... f3 $1 {[%mdl 512] And now ...Rg8 would win.} 32. Nd4 $2 {[#]} (32. Ne1 {was worth a try.}) (32. gxf3 Bh3) 32... Bxd4 $1 33. exd4 Rg5 34. g3 Rd5 35. Bc2 Rxd4 36. Re1 Bf5 37. Ra5 $2 (37. g4 Bg6 38. h3) 37... Bg6 {Black is clearly winning.} 38. h4 {intending h5.} Kg7 39. h5 Bh7 40. Re5 Kf6 41. Rc5 Re8 42. Rb1 Bf5 43. Rb6+ Be6 44. g4 Rg8 45. Rf5+ Ke7 46. Rf4 Bxg4 47. Kh2 Be6 48. Rxe4 Rd2 {Precision: White = 30%, Black = 74%.} (48... Rg2+ $142 49. Kh1 Rd2 50. Rb7+ Kd8) 0-1

[Event "EICC 2017"]
[Site "Minsk"]
[Date "2017.06.09"]
[Round "10"]
[White "Abdulov, Orkhan"]
[Black "Moskalenko, Alexander"]
[Result "1-0"]
[WhiteElo "2388"]
[BlackElo "2514"]
[Annotator "TA"]
[PlyCount "86"]
[EventDate "2017.??.??"]
[EventCountry "BLR"]
[SourceTitle "playchess.com"]
[Source "ChessBase"]
[SourceQuality "1"]

{[%evp 13,86,16,15,11,13,0,6,0,4,14,2,0,0,0,4,0,28,32,48,52,108,108,135,110,198,185,194,182,311,347,364,397,385,384,366,333,356,289,347,504,482,482,460,439,412,118,99,27,15,25,0,0,0,0,0,0,0,-327,248,244,289,279,287,187,1048,1054,1327,1308,29989,29990,29990,6382,29992,29989,29987]} 1. d4 Nf6 2. Nf3 e6 3. e3 b6 4. Bd3 Bb7 5. b3 c5 6. O-O Be7 7. Bb2 O-O 8. Nbd2 {A47: 1 d4 Nf6 2 Nf3 b6: Torre, London and Colle Systems} cxd4 (8... Nc6 9. a3 Rc8 10. Re1 d5 11. Qe2 cxd4 12. exd4 Re8 13. c4 Bf8 14. Rad1 g6 15. Qe3 Bg7 16. Ne5 dxc4 17. bxc4 Nxe5 18. dxe5 {0-1 (48) Mamedyarov,S (2768)-Leko,P (2693) Doha 2016}) 9. Nxd4 Na6 10. c4 {The position is equal.} Nc5 11. Bc2 d5 12. Qe2 dxc4 $146 ({Predecessor:} 12... Rc8) 13. Nxc4 Qd5 {[%csl Gb7][%cal Rd5g2]} 14. f3 Ba6 15. e4 {[%cal Be3e4,Be4e5][%mdl 32]} Bxc4 16. bxc4 Qh5 (16... Qb7 $14) 17. g4 $16 Qh4 18. Kh1 Kh8 (18... g6 $16 {was called for.}) 19. e5 $1 $18 Nfd7 20. f4 f6 (20... g6 {might work better.} 21. Rad1 Rac8) 21. Qg2 $1 fxe5 22. Nf3 Qh6 23. Nxe5 Nxe5 24. Bxe5 Nd7 25. Bb2 Rac8 26. g5 Qh5 27. Rad1 Rfd8 28. Rd3 Rxc4 29. Rfd1 $2 (29. Bb1 $18 {and White stays clearly on top.} Nf8 30. Rh3 (30. Rxd8 Bxd8 31. Bd3 Rc7 $16)) 29... Qe8 $16 30. Qd2 (30. Qe2 $1 $16) 30... Nf8 $1 $11 31. Rxd8 Bxd8 32. Qxd8 $40 {[%mdl 128] White has some attack.} Qc6+ 33. Kg1 {[%cal Rd8f8]} Rxf4 34. Rd4 Qc5 {Strongly threatening ...e5.} 35. Kh1 $2 {[%mdl 8192]} (35. Bb3 $1 $11 {and White stays safe.} Rf3 36. Bd1) 35... Qc6+ $4 {[%mdl 8192]} (35... Rf2 $19 {and all is fine.} 36. Be4 Qb5) 36. Be4 $18 Qb5 {[%cal Rb5f1]} 37. Bd3 Qc6+ 38. Kg1 Rf7 $2 (38... Qc5) 39. g6 Rf6 40. Rc4 Rxg6+ 41. Bxg6 {[%cal Rd8f8]} Qf3 {[#]} 42. Qd3 (42. Bh5 $142 $1 Qe3+ (42... Qxh5 43. Qxf8#) 43. Kg2 Kg8 {[#]} 44. Bf7+ $1 {[%mdl 512]} Kxf7 45. Qc7+ Ke8 46. Qc8+ Kf7 47. Qb7+ Nd7 48. Qxd7+ Kg6 49. Qxg7+ Kh5 50. Qg4+ Kh6 51. Bg7#) 42... Qb7 43. Bxh7 b5 {Precision: White = 75%, Black = 36%.} 1-0

[Event "EICC 2017"]
[Site "Minsk"]
[Date "2017.06.09"]
[Round "10"]
[White "Lavrov, Maxim"]
[Black "Dragnev, Valentin"]
[Result "1-0"]
[WhiteElo "2369"]
[BlackElo "2508"]
[Annotator "TA"]
[PlyCount "57"]
[EventDate "2017.??.??"]
[EventCountry "BLR"]
[SourceTitle "playchess.com"]
[Source "ChessBase"]
[SourceQuality "1"]

{[%evp 20,57,8,0,2,7,2,0,0,-9,-11,-10,-9,-4,49,7,33,26,29,-32,262,268,256,284,263,243,357,355,366,352,367,323,540,584,586,584,567,569,704,704]} 1. e4 e5 2. Nf3 Nc6 3. Bc4 Bc5 4. d3 Nf6 5. c3 d6 6. Bb3 a6 7. O-O Ba7 8. Nbd2 O-O 9. Re1 Ng4 10. Re2 {C54: Giuoco Piano: 4 c3 Nf6, main lines with 5 d4 and 5 d3} Kh8 11. h3 {LiveBook: 105 Games} f5 12. exf5 {The position is equal.} Nh6 13. g4 (13. d4 $5) 13... Nxf5 $1 14. gxf5 Bxf5 {[#]} 15. Nf1 $146 ({Predecessor:} 15. Ne4 d5 16. Ng3 Bxh3 17. Bg5 Qd6 {½-½ (67) Socko,B (2600)-Banusz,T (2621) Katowice 2016}) 15... Bxh3 16. N1h2 d5 (16... Rf6 $11 17. Bg5 Rg6) 17. Be3 {Threatening Bxa7.} Rf6 $1 {[%cal Rf6g6] Strongly threatening ...Rg6+.} 18. Kh1 {And now Bg5 would win.} Rg6 $1 {...Bg2+ is the strong threat.} 19. Ne1 ({Not} 19. Nxe5 $2 Bg2+ 20. Kg1 Nxe5 $19) (19. Bg5 $11 Rxg5 20. Nxg5 Qxg5 21. Bxd5) 19... Na5 $2 {[%mdl 8192] [#]} (19... d4 $1 $15 {stays ahead.} 20. Bf7 dxe3 21. Bxg6 hxg6 22. fxe3 Qg5) 20. Bxa7 $1 $18 Rxa7 21. Rxe5 Nxb3 22. axb3 $40 {[%mdl 128] White wants a kill.} Rf6 (22... d4 $142 23. Qf3 Bd7 24. cxd4 Re6) 23. Qh5 Be6 24. Nef3 Bf7 25. Qh4 Qd7 $2 {[#]} (25... Ra8 26. Rae1 Qf8) 26. Rae1 {White is clearly winning.} Ra8 27. Re7 Qf5 28. Ne5 Bg8 29. Qg3 {Precision: White = 70%, Black = 43%.} 1-0